Contribución al estudio de los cementos portland resistentes a los sulfatos / (Record no. 145319)

MARC details
000 -LEADER
campo de control de longitud fija 00674nam a2200169 4500
001 - NÚMERO DE CONTROL
campo de control 145319
003 - IDENTIFICADOR DE NÚMERO DE CONTROL
campo de control ES-MaACL
005 - FECHA Y HORA DE LA ÚLTIMA TRANSACCIÓN
campo de control 20230906201216.0
007 - CAMPO FIJO DE DESCRIPCIÓN FÍSICA--INFORMACIÓN GENERAL
campo de control de longitud fija t|
008 - DATOS DE LONGITUD FIJA--INFORMACIÓN GENERAL
campo de control de longitud fija 070214s1966 sp r ||||1| spa d
100 1# - ENTRADA PRINCIPAL--NOMBRE DE PERSONA
Nombre de persona Soria Santamaría, Francisco.
9 (RLIN) 107369
245 10 - MENCIÓN DEL TÍTULO
Título Contribución al estudio de los cementos portland resistentes a los sulfatos /
Mención de responsabilidad, etc. Francisco Soria Santamaría.
260 ## - PUBLICACIÓN, DISTRIBUCIÓN, ETC.
Lugar de publicación, distribución, etc. Madrid :
Nombre del editor, distribuidor, etc. Instituto Eduardo Torroja de la Construcción y del Cemento,
Fecha de publicación, distribución, etc. 1966 (
Fabricante CIDE)
300 ## - DESCRIPCIÓN FÍSICA
Extensión 107 p., 7 gráf. :
Otras características físicas il. ;
Dimensiones 27 cm +
Material acompañante/anejo 22 gráf. pleg.
710 2# - ENTRADA AGREGADA--NOMBRE DE ENTIDAD CORPORATIVA
Nombre de entidad corporativa o nombre de jurisdicción como elemento de entrada Instituto Eduardo Torroja de la Construcción y del Cemento.
9 (RLIN) 5030
852 ## - LOCALIZACIÓN
Ubicación ES-MaACL
Número de control de estantería E-7675
Sublocalización o colección R.91598
Holdings
Estatus retirado Estado de pérdida Estado de daño No para préstamo Biblioteca de origen Biblioteca actual Ubicación en estantería Fecha de adquisición Fuente de adquisición Total de préstamos Signatura topográfica completa Código de barras Visto por última vez Precio de reemplazo Tipo de ítem Koha
        Biblioteca del Ateneo de Madrid Biblioteca del Ateneo de Madrid Depósito 2 17/01/2008     E-7675 1151690 23/02/2023 23/02/2023 Libro impreso